| 000 | 01148nam a2200337 i 4500 | ||
|---|---|---|---|
| 001 | bgj | ||
| 245 | 0 | 0 |
_aKey concepts in communication and cultural studies / _cTim O'Sullivan [et. al.]. |
| 250 |
_a2nd edition _a[repr.]. |
||
| 260 |
_aLondon ; _aNew York : _bRoutledge, _c1996. |
||
| 300 |
_aXIV, 367 pp ; _c20 cm. |
||
| 490 | 1 | _aStudies in culture and communication / John Fiske, general editor | |
| 500 | _a2nd edition 1st published 1994. | ||
| 504 | _aReferences p. 334-355. | ||
| 505 | _aIncludes index. | ||
| 650 | 9 |
_aCulture studies _xTerminology |
|
| 650 | 9 |
_aCommunication _xTerminology |
|
| 650 | 9 | _aCulture | |
| 655 | _aHandbooks, manuals, etc. | ||
| 700 | 1 |
_aO'SULLIVAN, Tim. _eco-author |
|
| 700 | 1 |
_aHARTLEY, John. _eco-author |
|
| 700 | 1 |
_aSAUNDERS, Danny. _eco-author |
|
| 700 | 1 |
_aMONTGOMERY, Martin. _eco-author |
|
| 700 | 1 |
_aFISKE, John. _eco-author general editor |
|
| 830 | 0 | _aStudies in culture and communication (John Fiske, general editor) | |
| 020 | _a0415061733 (pbk) | ||
| 040 | _cBPK | ||
| 041 | 0 | _aeng | |
| 920 | _a0-415-06173-3 (pbk) | ||
| 942 | _cKS | ||
| 008 | s uk f |000 0 eng | ||
| 999 |
_c50159 _d50159 |
||